North American Sports Teams With the Same Name - Statistics

General Stats
  • This quiz has been taken 934 times
  • The average score is 6 of 6
Answer Stats
Hint Answer % Correct
New York, Winnipeg Jets
98%
St. Louis, Arizona Cardinals
97%
San Francisco, New York Giants
96%
Flordia, Carolina Panthers
95%
Los Angeles, Sacramento Kings
94%
New York, Texas Rangers
93%
No matching quizzes found
Score Distribution
Percent of People with Each Score
Percentile by Number Answered
Your Score History
You have not taken this quiz